|
|
|
|
| LEADER |
01123nam a2200301 a 4500 |
| 001 |
5569 |
| 003 |
BD-DhAAL |
| 005 |
20150630111015.0 |
| 008 |
150630s2005 bg a 001 0 eng |
| 010 |
|
|
|a 2005310945
|
| 020 |
|
|
|a 9844104343
|
| 040 |
|
|
|a DLC
|c DLC
|d DLC
|d BD-DhAAL
|
| 050 |
0 |
0 |
|a DS395.5
|b .B355726 2005
|
| 082 |
0 |
0 |
|a 954.9205/1
|2 22
|
| 245 |
0 |
0 |
|a Bangladesh liberation war, Mujibnagar government documents, 1971 /
|c collected, compiled, edited by Sukumar Biswas.
|
| 246 |
1 |
8 |
|a Mujibnagar government documents, 1971
|
| 250 |
|
|
|a 1st ed.
|
| 260 |
|
|
|a Dhaka :
|b Mowla Brothers,
|c 2005.
|
| 300 |
|
|
|a xii, 655 p. :
|b ill. ;
|c 24 cm.
|
| 500 |
|
|
|a Includes index.
|
| 520 |
|
|
|a Sources on the 1971 liberation war of Bangladesh.
|
| 541 |
|
|
|e 5569
|
| 546 |
|
|
|a Includes portions in Bengali.
|
| 651 |
|
0 |
|a Bangladesh
|x History
|y Revolution, 1971
|v Sources.
|9 12671
|
| 700 |
1 |
|
|a Biśvāsa, Sukumāra,
|d 1945-
|9 12672
|
| 942 |
|
|
|2 ddc
|c BK
|
| 999 |
|
|
|c 34894
|d 34894
|
| 952 |
|
|
|0 0
|1 0
|2 ddc
|4 0
|6 954_920510000000000_BAN
|7 0
|9 54619
|a SCL
|b SCL
|c GEN
|d 2015-06-30
|l 3
|m 2
|o 954.92051 BAN
|p 3020005569
|r 2024-12-24
|s 2024-12-02
|t 1
|w 2015-06-30
|y BK
|